00569nam a2200217Ia 4500008004100000020001800041050001400059100002000073245004000093245005400133260002500187260001600212260000900228300001400237300002800251300001000279500000900289650002200298700002000320700001100340190123s9999 xx 000 0 und d a9780545009140 bR994 2006 aRylant, Cynthia 4aThe journey stories of migrartion / 0cby Cynthia Rylant ; illustrated by Lambert Davis. aNew York, New York : bScholastic, c2006 aunpaged : bcolored illustrations ; c25cm. a900L aAnimal migration. aDavis, Lambert. aTitle.